00468nam a22001577a 4500003000900000005001700009008004100026040001300067082001500080100001700095245006700112260003300179300002200212504004900234650002700283BDDh-ASL20231015030006.0210130s1947 en ||||| |||| 00| 0 eng d cBDDh-ASL a327.3bCAI1 aCarr, E. H. 10aInternational Relations Between the Two World Wars 1919-1936 / aLondon: bMacmillan, c1947. a303 p.: c19 cm.  aInclude Bibliographical References and Index 0aInternatioal Relation